000 01235nam a2200277 a 4500
003 OSt
005 20240805091746.0
008 240219s2022 mx a|||fom||| 001 0 spa d
040 _erda
100 1 _9188768
_aGrandeño Bustos, Jesús Arnulfo
245 1 0 _aComportamiento conductual de bovinos en finalización bajo condiciones de corral en Veracruz, México /
_cpor Jesús Arnulfo Grandeño Bustos; director de teis Hermilo Suárez Domínguez.
264 1 _aChapingo, México :
_bEl autor,
_c2022.
300 _a1 recurso en línea (94 páginas).
_bfiguras, cuadros.
336 _2rdacontent
_atexto
_btxt
337 _2rdamedia
_acomputadora
_bc
338 _2rdacarrier
_arecurso en línea
_bcr
502 _bIAEZ
_cZootecnía
_d2022.
_gLIC
504 _aIncluye referencias bibliográficas: páginas 59-67.
650 4 _9144575
_aComportamiento del ganado
650 4 _9138987
_aGanado bovino
_xAlimentación
650 4 _9138988
_aGanado bovino
_xPastoreo
650 4 _912634
_aBienestar animal
700 1 _aSuárez Domínguez, Hermilo
_eDirector de tesis.
_9110687
856 _uhttp://10.13.5.2/tesis/tl/1410991-1_Grandeno_Bustos_Jesus_Arnulfo.pdf
_zDESCARGAR PDF
942 _2Clasificación Universidad Autónoma Chapingo
_cTD
999 _c219719
_d219719